Sports Quiz

Random Sports or Numbers Quiz
Score 0/25 Timer 06:00
0 Plays Today
Number Name % Correct
8Alexander Ovechkin
99.4%
19Nicklas Backstrom
92.5%
52Mike Green
89.6%
28Alexander Semin
87.4%
40Semyon Varlamov
81.8%
60Jose Theodore
80.8%
21Brooks Laich
79.9%
3Tom Poti
71.4%
22Mike Knuble
68.6%
4John Erskine
61%
16Eric Fehr
60.4%
17Chris Clark
60.1%
55Jeff Schultz
58.2%
Number Name % Correct
9Brendan Morrison
58.2%
92Michael Nylander
58.2%
10Matt Bradley
54.7%
39David Steckel
54.1%
15Boyd Gordon
53.1%
2Brian Pothier
52.5%
14Tomas Fleischmann
51.9%
23Milan Jurcina
51.9%
26Shaone Morrisonn
42.5%
53Quentin Laing
35.5%
87Tyler Sloan
33.3%
34Boyd Kane
17.6%
Remove Ads.
Support Sporcle.
Get the best of Sporcle when you Go Orange. This ad-free experience offers more features, more stats, and more fun while also helping to support Sporcle. Thank you for becoming a member.

You're not logged in!

Compare scores with friends on all Sporcle quizzes.
OR
Log In

Show Comments

Extras

Top Quizzes Today


Score Distribution

Your Account Isn't Verified!

In order to create a playlist on Sporcle, you need to verify the email address you used during registration. Go to your Sporcle Settings to finish the process.

Report this User

Report this user for behavior that violates our Community Guidelines.

Details: